000 00409nam a2200169Ia 4500
008 230524s9999 xx 000 0 und d
020 _a8123909438
082 _a510.32
_bWIL
100 _aHobart H.Willard
245 0 _aInstrumental Methods of Analysis
250 _a7TH
260 _aNEW DELHI
_bCBS
_c1986
300 _aXIV;878
500 _aQuantity Number: 2
650 _aElectronics
942 _cBK
999 _c34422
_d34422